It looks like you're offline.
Open Library logo
additional options menu

MARC record from Internet Archive

LEADER: 03345cam 2200829Ki 4500
001 ocn520720405
003 OCoLC
005 20210203015245.0
008 100309s2010 enk 000 f eng
040 $aUKM$beng$erda$cUKM$dYDXCP$dUKMGB$dOCLCQ$dOCLCO$dOCLCF$dIDU$dOCLCQ$dNLW$dOCLCQ$dJDP$dUNITY$dOCLCO
015 $aGBB045570$2bnb
015 $aGBB027606$2bnb
016 7 $a015521743$2Uk
016 7 $a015489169$2Uk
020 $a9780263876000$q(pbk.)
020 $a0263876004$q(pbk.)
020 $a9780263214604$q(hbk.)
020 $a0263214605$q(hbk.)
035 $a(OCoLC)520720405
043 $ae-uk-en
050 4 $aPS3607.I29$bI5 2010
082 04 $a813.6$222
100 1 $aGifford, Blythe,$eauthor.
245 10 $aIn the master's bed /$cBlythe Gifford.
264 1 $aRichmond, England :$bMills & Boon,$c2010.
300 $a254 pages ;$c22 cm
336 $atext$btxt$2rdacontent
337 $aunmediated$bn$2rdamedia
338 $avolume$bnc$2rdacarrier
500 $a"Mills & Boon historical."
520 $aTo live the life of independence she craves, Jane de Weston disguises herself as a young man. She doesn't foresee her attraction to Duncan, who stirs unknown but delightful sensations in her highly receptive, very feminine body. When Duncan accidentally discovers her true identity he knows he should send her away--but he agrees to keep her secret! For Jane brings light into the dark corners of his heart, and Duncan fully intends to teach his willing pupil the exquisite pleasures of being a woman.
650 0 $aFalse personation$vFiction.
650 0 $aWomen$zEngland$xHistory$yMiddle Ages, 500-1500$vFiction.
650 0 $aTeacher-student relationships$vFiction.
650 0 $aMan-woman relationships$vFiction.
650 0 $aSecrecy$vFiction.
650 0 $aSexual attraction$vFiction.
651 0 $aCambridge (England)$xHistory$y14th century$vFiction.
650 7 $aFalse personation.$2fast$0(OCoLC)fst00920111
650 7 $aMan-woman relationships.$2fast$0(OCoLC)fst01007080
650 7 $aSecrecy.$2fast$0(OCoLC)fst01110644
650 7 $aSexual attraction.$2fast$0(OCoLC)fst01114799
650 7 $aTeacher-student relationships.$2fast$0(OCoLC)fst01144236
650 7 $aWomen$xMiddle Ages.$2fast$0(OCoLC)fst01907280
651 7 $aEngland.$2fast$0(OCoLC)fst01219920
651 7 $aEngland$zCambridge.$2fast$0(OCoLC)fst01204479
648 7 $a500-1500$2fast
655 7 $aRomance fiction.$2lcgft
655 7 $aFiction.$2fast$0(OCoLC)fst01423787
655 7 $aHistory.$2fast$0(OCoLC)fst01411628
655 7 $aRomance fiction.$2fast$0(OCoLC)fst01921732
655 7 $aLove stories.$2gsafd
655 7 $aHistorical fiction.$2gsafd
938 $aYBP Library Services$bYANK$n3805707
029 1 $aNOK$b0263214605
029 1 $aNZ1$b13378091
029 1 $aUKBCI$b126147868
029 1 $aUKBNS$b126147868
029 1 $aUKDEL$b126147868
029 1 $aUKDON$b0263876004
029 1 $aUKDOR$b126147868
029 1 $aUKMGB$b015489169
029 1 $aUKMGB$b015521743
029 1 $aUKPMH$b126147868
029 1 $aUKSCO$b126147868
029 1 $aUKSGC$b126147868
029 1 $aUKSOM$b126147868
029 1 $aUKTLS$b126147868
029 1 $aUNITY$b121407454
029 1 $aUNITY$b126147868
994 $aZ0$bP4A
948 $hNO HOLDINGS IN P4A - 39 OTHER HOLDINGS